[Event "DVM U16 2021"]
[Site "Kiel GER"]
[Date "2022.07.26"]
[Round "7"]
[White "Miller, Konstantin"]
[Black "Matiashvili, Alexander Michael"]
[Result "1-0"]
[Termination "normal"]
[Board "7.3"]
[WhiteElo "1790"]
[BlackElo "1397"]
[WhiteClock "01:04:26"]
[BlackClock "00:28:38"]
[WhiteTeam "SK Freiburg-Zähringen 1887 e.V."]
[BlackTeam "SC Weisse Dame e.V."]
[PlyCount "91"]
[WhiteFideId "34628380"]
[BlackFideId "16266242"]
[EventCountry "GER"]
[EventRounds "7"]
[EventType "team-swiss"]
[EventDate "2022.07.22"]

1. e4 {[%clk 01:30:57]} {[%emt 00:00:02]} e5 {[%clk 01:30:48]} {[%emt
00:00:13]} 2. Nf3 {[%clk 01:31:22]} {[%emt 00:00:05]} Nc6 {[%clk 01:31:13]}
{[%emt 00:00:04]} 3. Bc4 {[%clk 01:31:39]} {[%emt 00:00:13]} Nf6 {[%clk
01:30:53]} {[%emt 00:00:50]} 4. O-O {[%clk 01:31:36]} {[%emt 00:00:33]} Be7
{[%clk 01:27:15]} {[%emt 00:04:08]} 5. Re1 {[%clk 01:31:26]} {[%emt 00:00:39]}
O-O {[%clk 01:26:56]} {[%emt 00:00:50]} 6. c3 {[%clk 01:31:38]} {[%emt
00:00:19]} d6 {[%clk 01:25:40]} {[%emt 00:01:45]} 7. h3 {[%clk 01:31:48]}
{[%emt 00:00:20]} Na5 {[%clk 01:24:46]} {[%emt 00:01:24]} 8. Bb3 {[%clk
01:28:19]} {[%emt 00:03:59]} Nxb3 {[%clk 01:24:09]} {[%emt 00:01:07]} 9. axb3
{[%clk 01:28:39]} {[%emt 00:00:10]} Be6 {[%clk 01:23:26]} {[%emt 00:01:13]} 10.
d4 {[%clk 01:28:46]} {[%emt 00:00:22]} Nd7 {[%clk 01:22:20]} {[%emt 00:01:36]}
11. d5 {[%clk 01:28:16]} {[%emt 00:01:01]} Nc5 {[%clk 01:20:56]} {[%emt
00:01:54]} 12. dxe6 {[%clk 01:28:29]} {[%emt 00:00:17]} Nxe6 {[%clk 01:21:17]}
{[%emt 00:00:08]} 13. Nbd2 {[%clk 01:28:30]} {[%emt 00:00:29]} Qd7 {[%clk
01:19:40]} {[%emt 00:02:07]} 14. Nf1 {[%clk 01:28:36]} {[%emt 00:00:25]} Bf6
{[%clk 01:18:06]} {[%emt 00:02:05]} 15. Ng3 {[%clk 01:27:55]} {[%emt 00:01:10]}
g6 {[%clk 01:18:21]} {[%emt 00:00:15]} 16. Bh6 {[%clk 01:26:19]} {[%emt
00:02:05]} Bg7 {[%clk 01:17:48]} {[%emt 00:01:04]} 17. Bxg7 {[%clk 01:26:34]}
{[%emt 00:00:15]} Kxg7 {[%clk 01:18:09]} {[%emt 00:00:08]} 18. Nh2 {[%clk
01:26:15]} {[%emt 00:00:49]} h5 {[%clk 01:15:52]} {[%emt 00:02:49]} 19. Ne2
{[%clk 01:25:14]} {[%emt 00:01:30]} Ng5 {[%clk 01:13:51]} {[%emt 00:02:31]} 20.
Qd3 {[%clk 01:24:35]} {[%emt 00:01:09]} Qc6 {[%clk 01:11:45]} {[%emt 00:02:36]}
21. f3 {[%clk 01:22:10]} {[%emt 00:02:55]} Qb6+ {[%clk 01:10:42]} {[%emt
00:01:33]} 22. Kh1 {[%clk 01:22:32]} {[%emt 00:00:08]} Qxb3 {[%clk 01:11:05]}
{[%emt 00:00:07]} 23. f4 {[%clk 01:22:52]} {[%emt 00:00:10]} Ne6 {[%clk
01:10:15]} {[%emt 00:01:20]} 24. f5 {[%clk 01:23:06]} {[%emt 00:00:16]} Nc5
{[%clk 01:10:04]} {[%emt 00:00:41]} 25. Qf3 {[%clk 01:22:49]} {[%emt 00:00:47]}
Nd7 {[%clk 01:08:07]} {[%emt 00:02:27]} 26. Rf1 {[%clk 01:22:58]} {[%emt
00:00:19]} Nf6 {[%clk 01:07:11]} {[%emt 00:01:28]} 27. g4 {[%clk 01:19:28]}
{[%emt 00:04:00]} h4 {[%clk 01:03:16]} {[%emt 00:04:25]} 28. g5 {[%clk
01:19:44]} {[%emt 00:00:14]} Nh5 {[%clk 01:03:28]} {[%emt 00:00:18]} 29. f6+
{[%clk 01:19:34]} {[%emt 00:00:40]} Kh7 {[%clk 01:01:43]} {[%emt 00:02:15]} 30.
Rab1 {[%clk 01:14:38]} {[%emt 00:05:24]} Qc4 {[%clk 01:01:17]} {[%emt
00:00:58]} 31. Rfe1 {[%clk 01:13:45]} {[%emt 00:01:23]} Rad8 {[%clk 00:58:58]}
{[%emt 00:02:49]} 32. b3 {[%clk 01:13:20]} {[%emt 00:00:55]} Qc6 {[%clk
00:56:09]} {[%emt 00:03:19]} 33. c4 {[%clk 01:13:12]} {[%emt 00:00:38]} Qb6
{[%clk 00:52:48]} {[%emt 00:03:51]} 34. Nf1 {[%clk 01:10:01]} {[%emt 00:03:40]}
c6 {[%clk 00:51:16]} {[%emt 00:02:03]} 35. Ne3 {[%clk 01:10:15]} {[%emt
00:00:14]} Qc7 {[%clk 00:44:51]} {[%emt 00:06:57]} 36. Kg2 {[%clk 01:08:35]}
{[%emt 00:02:09]} a6 {[%clk 00:38:01]} {[%emt 00:07:21]} 37. Qg4 {[%clk
01:08:20]} {[%emt 00:00:45]} Rh8 {[%clk 00:37:09]} {[%emt 00:01:22]} 38. Qxh4
{[%clk 01:08:07]} {[%emt 00:00:43]} Kg8 {[%clk 00:37:30]} {[%emt 00:00:09]} 39.
Qg4 {[%clk 01:08:07]} {[%emt 00:00:29]} Qd7 {[%clk 00:33:04]} {[%emt 00:04:57]}
40. Qxd7 {[%clk 01:07:36]} {[%emt 00:01:00]} Rxd7 {[%clk 00:33:26]} {[%emt
00:00:08]} 41. Red1 {[%clk 01:07:28]} {[%emt 00:00:37]} Kh7 {[%clk 00:31:08]}
{[%emt 00:02:49]} 42. Rd2 {[%clk 01:05:54]} {[%emt 00:01:57]} Re8 {[%clk
00:30:42]} {[%emt 00:01:04]} 43. Kf3 {[%clk 01:05:46]} {[%emt 00:00:35]} Kg8
{[%clk 00:28:39]} {[%emt 00:02:35]} 44. Rbd1 {[%clk 01:06:07]} {[%emt
00:00:10]} Re6 {[%clk 00:28:38]} {[%emt 00:00:30]} 45. c5 {[%clk 01:06:06]}
{[%emt 00:00:31]} d5 {[%clk 00:28:38]} {[%emt 00:00:31]} 46. exd5 {[%clk
01:04:26]} {[%emt 00:02:09]} 1-0

[Event "DVM U16 2021"]
[Site "Kiel GER"]
[Date "2022.07.26"]
[Round "7"]
[White "Xu, Christ"]
[Black "Miller, Lysander"]
[Result "0-1"]
[Termination "normal"]
[Board "7.4"]
[WhiteElo "1403"]
[BlackElo "1625"]
[WhiteClock "00:04:56"]
[BlackClock "01:27:31"]
[WhiteTeam "SC Weisse Dame e.V."]
[BlackTeam "SK Freiburg-Zähringen 1887 e.V."]
[PlyCount "66"]
[WhiteFideId "16280822"]
[BlackFideId "34628398"]
[EventCountry "GER"]
[EventRounds "7"]
[EventType "team-swiss"]
[EventDate "2022.07.22"]

1. e4 {[%clk 01:30:57]} {[%emt 00:00:02]} c6 {[%clk 01:30:56]} {[%emt
00:00:05]} 2. d4 {[%clk 01:31:00]} {[%emt 00:00:27]} d5 {[%clk 01:31:20]}
{[%emt 00:00:06]} 3. exd5 {[%clk 01:31:22]} {[%emt 00:00:08]} cxd5 {[%clk
01:31:46]} {[%emt 00:00:04]} 4. Nc3 {[%clk 01:30:47]} {[%emt 00:01:05]} Nc6
{[%clk 01:31:51]} {[%emt 00:00:24]} 5. Nf3 {[%clk 01:30:57]} {[%emt 00:00:20]}
Bf5 {[%clk 01:31:46]} {[%emt 00:00:35]} 6. Bf4 {[%clk 01:29:29]} {[%emt
00:01:58]} e6 {[%clk 01:32:00]} {[%emt 00:00:16]} 7. Bb5 {[%clk 01:27:25]}
{[%emt 00:02:34]} a6 {[%clk 01:32:19]} {[%emt 00:00:11]} 8. Bxc6+ {[%clk
01:24:42]} {[%emt 00:03:13]} bxc6 {[%clk 01:32:40]} {[%emt 00:00:09]} 9. O-O
{[%clk 01:25:01]} {[%emt 00:00:11]} Nf6 {[%clk 01:32:53]} {[%emt 00:00:18]} 10.
Re1 {[%clk 01:20:14]} {[%emt 00:05:17]} Bb4 {[%clk 01:32:17]} {[%emt 00:01:05]}
11. Ne5 {[%clk 01:19:07]} {[%emt 00:01:37]} Rc8 {[%clk 01:31:28]} {[%emt
00:01:20]} 12. a3 {[%clk 01:17:53]} {[%emt 00:01:44]} Bxc3 {[%clk 01:31:27]}
{[%emt 00:00:31]} 13. bxc3 {[%clk 01:18:17]} {[%emt 00:00:06]} O-O {[%clk
01:30:26]} {[%emt 00:01:28]} 14. c4 {[%clk 01:13:09]} {[%emt 00:05:40]} c5
{[%clk 01:29:12]} {[%emt 00:01:44]} 15. cxd5 {[%clk 01:12:27]} {[%emt
00:01:12]} Nxd5 {[%clk 01:29:17]} {[%emt 00:00:25]} 16. Be3 {[%clk 00:59:08]}
{[%emt 00:13:48]} Nxe3 {[%clk 01:28:22]} {[%emt 00:01:26]} 17. fxe3 {[%clk
00:59:20]} {[%emt 00:00:18]} cxd4 {[%clk 01:28:39]} {[%emt 00:00:14]} 18. exd4
{[%clk 00:54:49]} {[%emt 00:05:01]} Rxc2 {[%clk 01:28:41]} {[%emt 00:00:27]}
19. Rf1 {[%clk 00:52:57]} {[%emt 00:02:22]} Qd5 {[%clk 01:28:34]} {[%emt
00:00:37]} 20. Nf3 {[%clk 00:46:04]} {[%emt 00:07:23]} Rb8 {[%clk 01:28:08]}
{[%emt 00:00:56]} 21. Rf2 {[%clk 00:41:17]} {[%emt 00:05:17]} Rxf2 {[%clk
01:27:35]} {[%emt 00:01:03]} 22. Kxf2 {[%clk 00:41:36]} {[%emt 00:00:11]} Rb2+
{[%clk 01:27:58]} {[%emt 00:00:08]} 23. Kg1 {[%clk 00:38:04]} {[%emt 00:04:01]}
Qb3 {[%clk 01:27:22]} {[%emt 00:01:06]} 24. Qxb3 {[%clk 00:36:32]} {[%emt
00:02:02]} Rxb3 {[%clk 01:27:46]} {[%emt 00:00:06]} 25. Ne5 {[%clk 00:31:14]}
{[%emt 00:05:49]} f6 {[%clk 01:27:16]} {[%emt 00:01:00]} 26. Nf3 {[%clk
00:24:18]} {[%emt 00:07:25]} Bg4 {[%clk 01:26:35]} {[%emt 00:01:10]} 27. Ne1
{[%clk 00:17:45]} {[%emt 00:07:03]} Kf7 {[%clk 01:26:34]} {[%emt 00:00:31]} 28.
Kf2 {[%clk 00:12:50]} {[%emt 00:05:26]} Ke7 {[%clk 01:26:53]} {[%emt 00:00:12]}
29. h3 {[%clk 00:12:50]} {[%emt 00:00:29]} Bf5 {[%clk 01:26:47]} {[%emt
00:00:36]} 30. Ke2 {[%clk 00:10:00]} {[%emt 00:03:20]} Be4 {[%clk 01:26:45]}
{[%emt 00:00:32]} 31. Ra2 {[%clk 00:04:55]} {[%emt 00:05:35]} Kd6 {[%clk
01:26:58]} {[%emt 00:00:17]} 32. Nf3 {[%clk 00:04:33]} {[%emt 00:00:52]} Bxf3+
{[%clk 01:27:16]} {[%emt 00:00:12]} 33. gxf3 {[%clk 00:04:56]} {[%emt
00:00:07]} Kd5 {[%clk 01:27:31]} {[%emt 00:00:15]} 0-1

[Event "DVM U16 2021"]
[Site "Kiel GER"]
[Date "2022.07.26"]
[Round "7"]
[White "Abou Wally, Adrian"]
[Black "Lutz, Ruben"]
[Result "0-1"]
[Termination "normal"]
[Board "8.1"]
[WhiteElo "1624"]
[BlackElo "2109"]
[WhiteClock "00:13:51"]
[BlackClock "00:21:47"]
[WhiteTeam "SV Schott Jena"]
[BlackTeam "USV TU Dresden"]
[PlyCount "48"]
[WhiteFideId "16245113"]
[BlackFideId "12975974"]
[EventCountry "GER"]
[EventRounds "7"]
[EventType "team-swiss"]
[EventDate "2022.07.22"]

1. e4 {[%clk 01:30:57]} {[%emt 00:00:02]} e6 {[%clk 01:30:47]} {[%emt
00:00:13]} 2. d4 {[%clk 01:31:21]} {[%emt 00:00:07]} d5 {[%clk 01:31:07]}
{[%emt 00:00:09]} 3. exd5 {[%clk 01:31:42]} {[%emt 00:00:09]} exd5 {[%clk
01:31:26]} {[%emt 00:00:11]} 4. Bd3 {[%clk 01:32:08]} {[%emt 00:00:04]} Bd6
{[%clk 01:29:46]} {[%emt 00:02:10]} 5. Nf3 {[%clk 01:31:34]} {[%emt 00:01:04]}
Bg4 {[%clk 01:28:03]} {[%emt 00:02:13]} 6. O-O {[%clk 01:29:55]} {[%emt
00:02:09]} Nc6 {[%clk 01:23:05]} {[%emt 00:05:28]} 7. Re1+ {[%clk 01:27:02]}
{[%emt 00:03:23]} Nge7 {[%clk 01:23:21]} {[%emt 00:00:14]} 8. c3 {[%clk
01:26:43]} {[%emt 00:00:49]} Qd7 {[%clk 01:16:14]} {[%emt 00:07:37]} 9. Bg5
{[%clk 01:18:55]} {[%emt 00:08:17]} f6 {[%clk 01:15:20]} {[%emt 00:01:25]} 10.
Bh4 {[%clk 01:16:03]} {[%emt 00:03:21]} O-O-O {[%clk 01:14:05]} {[%emt
00:01:45]} 11. Nbd2 {[%clk 01:13:01]} {[%emt 00:03:33]} h5 {[%clk 01:08:01]}
{[%emt 00:06:35]} 12. b4 {[%clk 01:09:27]} {[%emt 00:04:04]} Nf5 {[%clk
00:52:57]} {[%emt 00:15:33]} 13. h3 {[%clk 00:56:53]} {[%emt 00:13:04]} Nxh4
{[%clk 00:48:08]} {[%emt 00:05:19]} 14. hxg4 {[%clk 00:41:37]} {[%emt
00:15:46]} hxg4 {[%clk 00:48:00]} {[%emt 00:00:38]} 15. Nxh4 {[%clk 00:40:52]}
{[%emt 00:01:15]} Rxh4 {[%clk 00:47:22]} {[%emt 00:01:08]} 16. g3 {[%clk
00:34:00]} {[%emt 00:07:22]} Rh6 {[%clk 00:44:45]} {[%emt 00:03:08]} 17. Nf1
{[%clk 00:32:52]} {[%emt 00:01:37]} f5 {[%clk 00:31:07]} {[%emt 00:14:08]} 18.
Qc2 {[%clk 00:28:39]} {[%emt 00:04:43]} g6 {[%clk 00:31:12]} {[%emt 00:00:25]}
19. Ne3 {[%clk 00:25:23]} {[%emt 00:03:46]} Rdh8 {[%clk 00:29:31]} {[%emt
00:02:10]} 20. Kf1 {[%clk 00:20:00]} {[%emt 00:05:54]} Kb8 {[%clk 00:26:55]}
{[%emt 00:03:06]} 21. a4 {[%clk 00:17:58]} {[%emt 00:02:32]} Rh2 {[%clk
00:24:27]} {[%emt 00:02:58]} 22. Qd1 {[%clk 00:15:24]} {[%emt 00:03:04]} Qh7
{[%clk 00:23:00]} {[%emt 00:01:56]} 23. Ke2 {[%clk 00:13:54]} {[%emt 00:02:01]}
Bxg3 {[%clk 00:22:30]} {[%emt 00:01:01]} 24. Rf1 {[%clk 00:13:51]} {[%emt
00:00:32]} Re8 {[%clk 00:21:47]} {[%emt 00:01:13]} 0-1

[Event "DVM U16 2021"]
[Site "Kiel GER"]
[Date "2022.07.26"]
[Round "7"]
[White "Kovalchuk, Alexander"]
[Black "Eichhorn, Mathilda"]
[Result "1/2-1/2"]
[Termination "normal"]
[Board "8.2"]
[WhiteElo "1411"]
[BlackElo "1327"]
[WhiteClock "00:30:00"]
[BlackClock "00:17:39"]
[WhiteTeam "USV TU Dresden"]
[BlackTeam "SV Schott Jena"]
[PlyCount "51"]
[WhiteFideId "16247809"]
[BlackFideId "16242289"]
[EventCountry "GER"]
[EventRounds "7"]
[EventType "team-swiss"]
[EventDate "2022.07.22"]

1. d4 {[%clk 01:30:53]} {[%emt 00:00:06]} e6 {[%clk 01:30:43]} {[%emt
00:00:18]} 2. Nf3 {[%clk 01:31:14]} {[%emt 00:00:10]} Nf6 {[%clk 01:30:52]}
{[%emt 00:00:21]} 3. Bf4 {[%clk 01:31:26]} {[%emt 00:00:17]} d5 {[%clk
01:30:45]} {[%emt 00:00:37]} 4. e3 {[%clk 01:31:31]} {[%emt 00:00:25]} Be7
{[%clk 01:30:18]} {[%emt 00:00:57]} 5. h3 {[%clk 01:31:23]} {[%emt 00:00:39]}
Nbd7 {[%clk 01:27:27]} {[%emt 00:03:21]} 6. Bd3 {[%clk 01:31:12]} {[%emt
00:00:41]} O-O {[%clk 01:27:10]} {[%emt 00:00:47]} 7. O-O {[%clk 01:31:29]}
{[%emt 00:00:13]} c6 {[%clk 01:24:07]} {[%emt 00:03:33]} 8. c3 {[%clk
01:29:37]} {[%emt 00:02:22]} b6 {[%clk 00:55:36]} {[%emt 00:29:00]} 9. Nbd2
{[%clk 01:27:52]} {[%emt 00:02:16]} Bb7 {[%clk 00:55:11]} {[%emt 00:00:55]} 10.
Ne5 {[%clk 00:56:58]} {[%emt 00:31:23]} c5 {[%clk 00:39:34]} {[%emt 00:16:07]}
11. Ndf3 {[%clk 00:55:48]} {[%emt 00:01:40]} h6 {[%clk 00:39:24]} {[%emt
00:00:41]} 12. g4 {[%clk 00:26:12]} {[%emt 00:30:05]} Nxe5 {[%clk 00:36:11]}
{[%emt 00:03:43]} 13. Nxe5 {[%clk 00:25:45]} {[%emt 00:00:58]} Bd6 {[%clk
00:35:42]} {[%emt 00:00:59]} 14. g5 {[%clk 00:20:47]} {[%emt 00:05:27]} Ne4
{[%clk 00:25:42]} {[%emt 00:10:30]} 15. gxh6 {[%clk 00:09:31]} {[%emt
00:11:46]} g5 {[%clk 00:24:24]} {[%emt 00:01:48]} 16. Qg4 {[%clk 00:03:40]}
{[%emt 00:06:21]} f5 {[%clk 00:22:54]} {[%emt 00:02:01]} 17. Qh5 {[%clk
00:01:42]} {[%emt 00:02:26]} Qe8 {[%clk 00:22:03]} {[%emt 00:01:22]} 18. Qxe8
{[%clk 00:00:42]} {[%emt 00:01:30]} Rfxe8 {[%clk 00:22:08]} {[%emt 00:00:26]}
19. Bxe4 {[%clk 00:01:02]} {[%emt 00:00:09]} gxf4 {[%clk 00:22:26]} {[%emt
00:00:12]} 20. Bf3 {[%clk 00:00:45]} {[%emt 00:00:47]} Bxe5 {[%clk 00:22:41]}
{[%emt 00:00:15]} 21. dxe5 {[%clk 00:01:02]} {[%emt 00:00:13]} fxe3 {[%clk
00:22:49]} {[%emt 00:00:22]} 22. fxe3 {[%clk 00:00:40]} {[%emt 00:00:52]} Kh7
{[%clk 00:23:01]} {[%emt 00:00:18]} 23. Kf2 {[%clk 00:00:41]} {[%emt 00:00:29]}
Rg8 {[%clk 00:23:03]} {[%emt 00:00:28]} 24. Rg1 {[%clk 00:00:50]} {[%emt
00:00:22]} Kxh6 {[%clk 00:22:09]} {[%emt 00:01:24]} 25. h4 {[%clk 00:00:47]}
{[%emt 00:00:32]} Raf8 {[%clk 00:17:39]} {[%emt 00:05:00]} 26. Rxg8 {[%clk
00:30:00]} {[%emt 00:00:47]} 1/2-1/2

[Event "DVM U16 2021"]
[Site "Kiel GER"]
[Date "2022.07.26"]
[Round "7"]
[White "Andreas, Bruno"]
[Black "Eichhorn, Josephine"]
[Result "1-0"]
[Termination "normal"]
[Board "8.4"]
[WhiteElo "1490"]
[BlackElo "1337"]
[WhiteClock "00:34:08"]
[BlackClock "00:09:31"]
[WhiteTeam "USV TU Dresden"]
[BlackTeam "SV Schott Jena"]
[PlyCount "99"]
[WhiteFideId "16274210"]
[BlackFideId "16242254"]
[EventCountry "GER"]
[EventRounds "7"]
[EventType "team-swiss"]
[EventDate "2022.07.22"]

1. e4 {[%clk 01:30:58]} {[%emt 00:00:02]} e5 {[%clk 01:30:59]} {[%emt
00:00:01]} 2. Nf3 {[%clk 01:31:21]} {[%emt 00:00:07]} Nc6 {[%clk 01:31:23]}
{[%emt 00:00:06]} 3. Bc4 {[%clk 01:31:35]} {[%emt 00:00:16]} Bc5 {[%clk
01:30:59]} {[%emt 00:00:53]} 4. O-O {[%clk 01:31:28]} {[%emt 00:00:37]} Nf6
{[%clk 01:29:57]} {[%emt 00:01:33]} 5. Nc3 {[%clk 01:31:08]} {[%emt 00:00:49]}
O-O {[%clk 01:29:07]} {[%emt 00:01:21]} 6. d3 {[%clk 01:30:28]} {[%emt
00:01:10]} d6 {[%clk 01:27:16]} {[%emt 00:02:21]} 7. h3 {[%clk 01:29:54]}
{[%emt 00:01:05]} Be6 {[%clk 01:22:12]} {[%emt 00:05:33]} 8. Nd5 {[%clk
01:23:38]} {[%emt 00:06:45]} Bxd5 {[%clk 01:21:08]} {[%emt 00:01:34]} 9. exd5
{[%clk 01:19:52]} {[%emt 00:04:17]} Ne7 {[%clk 01:10:54]} {[%emt 00:10:44]} 10.
Bg5 {[%clk 01:16:12]} {[%emt 00:04:10]} Ng6 {[%clk 01:08:41]} {[%emt 00:02:43]}
11. d4 {[%clk 01:14:54]} {[%emt 00:01:48]} exd4 {[%clk 01:06:50]} {[%emt
00:02:20]} 12. Nxd4 {[%clk 01:14:47]} {[%emt 00:00:36]} h6 {[%clk 01:06:01]}
{[%emt 00:01:20]} 13. Be3 {[%clk 01:14:18]} {[%emt 00:00:59]} Re8 {[%clk
01:03:33]} {[%emt 00:02:56]} 14. Re1 {[%clk 01:04:09]} {[%emt 00:10:41]} Re4
{[%clk 00:59:47]} {[%emt 00:04:16]} 15. Bd3 {[%clk 01:02:12]} {[%emt 00:02:28]}
Re8 {[%clk 00:50:59]} {[%emt 00:09:18]} 16. c4 {[%clk 01:00:51]} {[%emt
00:01:50]} Nd7 {[%clk 00:42:35]} {[%emt 00:08:54]} 17. Nf3 {[%clk 00:55:35]}
{[%emt 00:05:47]} Bb4 {[%clk 00:39:28]} {[%emt 00:03:35]} 18. Re2 {[%clk
00:50:30]} {[%emt 00:05:36]} Nge5 {[%clk 00:36:27]} {[%emt 00:03:30]} 19. Nxe5
{[%clk 00:50:25]} {[%emt 00:00:36]} Nxe5 {[%clk 00:36:38]} {[%emt 00:00:19]}
20. a3 {[%clk 00:50:22]} {[%emt 00:00:33]} Nxd3 {[%clk 00:32:30]} {[%emt
00:04:37]} 21. Qxd3 {[%clk 00:50:08]} {[%emt 00:00:45]} Bc5 {[%clk 00:32:34]}
{[%emt 00:00:26]} 22. b4 {[%clk 00:50:16]} {[%emt 00:00:22]} Bxe3 {[%clk
00:30:40]} {[%emt 00:02:24]} 23. Rxe3 {[%clk 00:50:30]} {[%emt 00:00:16]} Qf6
{[%clk 00:29:20]} {[%emt 00:01:50]} 24. Rae1 {[%clk 00:50:30]} {[%emt
00:00:30]} Rxe3 {[%clk 00:28:23]} {[%emt 00:01:27]} 25. Rxe3 {[%clk 00:50:16]}
{[%emt 00:00:44]} g6 {[%clk 00:26:24]} {[%emt 00:02:29]} 26. Qe4 {[%clk
00:44:42]} {[%emt 00:06:03]} Kf8 {[%clk 00:25:08]} {[%emt 00:01:46]} 27. Rf3
{[%clk 00:42:31]} {[%emt 00:02:41]} Qa1+ {[%clk 00:23:22]} {[%emt 00:02:16]}
28. Kh2 {[%clk 00:42:56]} {[%emt 00:00:07]} Qe5+ {[%clk 00:22:07]} {[%emt
00:01:44]} 29. Qxe5 {[%clk 00:39:17]} {[%emt 00:04:08]} dxe5 {[%clk 00:22:23]}
{[%emt 00:00:14]} 30. g4 {[%clk 00:35:32]} {[%emt 00:04:16]} Kg7 {[%clk
00:20:30]} {[%emt 00:02:22]} 31. Kg3 {[%clk 00:35:34]} {[%emt 00:00:29]} Re8
{[%clk 00:18:49]} {[%emt 00:02:11]} 32. h4 {[%clk 00:33:16]} {[%emt 00:02:48]}
Rf8 {[%clk 00:13:14]} {[%emt 00:06:04]} 33. g5 {[%clk 00:31:56]} {[%emt
00:01:50]} h5 {[%clk 00:11:36]} {[%emt 00:02:08]} 34. Re3 {[%clk 00:30:38]}
{[%emt 00:01:49]} Re8 {[%clk 00:10:20]} {[%emt 00:01:45]} 35. Rf3 {[%clk
00:14:18]} {[%emt 00:16:51]} Rf8 {[%clk 00:10:20]} {[%emt 00:00:29]} 36. Rf6
{[%clk 00:13:25]} {[%emt 00:01:24]} Rd8 {[%clk 00:09:08]} {[%emt 00:01:41]} 37.
Kf3 {[%clk 00:13:40]} {[%emt 00:00:16]} Rd6 {[%clk 00:06:02]} {[%emt 00:03:36]}
38. Rxd6 {[%clk 00:12:19]} {[%emt 00:01:52]} cxd6 {[%clk 00:06:19]} {[%emt
00:00:12]} 39. c5 {[%clk 00:12:44]} {[%emt 00:00:05]} dxc5 {[%clk 00:03:33]}
{[%emt 00:03:16]} 40. d6 {[%clk 00:11:49]} {[%emt 00:01:25]} Kf8 {[%clk
00:03:19]} 41. bxc5 {[%clk 00:12:15]} {[%emt 00:00:48]} Ke8 {[%emt 00:00:19]}
42. Ke4 {[%clk 00:12:35]} {[%emt 00:00:09]} Kd7 {[%clk 00:01:58]} {[%emt
00:02:03]} 43. Kd5 {[%clk 00:12:45]} {[%emt 00:00:20]} e4 {[%clk 00:30:17]}
{[%emt 00:02:11]} 44. Kxe4 {[%clk 00:40:00]} {[%emt 00:03:15]} Ke6 {[%clk
00:26:06]} {[%emt 00:04:40]} 45. a4 {[%clk 00:38:31]} {[%emt 00:01:59]} b6
{[%clk 00:26:02]} {[%emt 00:00:34]} 46. Kd4 {[%clk 00:38:40]} {[%emt 00:00:21]}
f6 {[%clk 00:17:11]} {[%emt 00:09:21]} 47. gxf6 {[%clk 00:34:18]} {[%emt
00:04:53]} bxc5+ {[%clk 00:17:30]} {[%emt 00:00:10]} 48. Kxc5 {[%clk 00:34:31]}
{[%emt 00:00:17]} Kxf6 {[%clk 00:17:54]} {[%emt 00:00:06]} 49. f4 {[%clk
00:34:02]} {[%emt 00:01:00]} Kf7 {[%clk 00:09:31]} {[%emt 00:05:01]} 50. Kc6
{[%clk 00:34:08]} 1-0